| 000 | 01029nam0a22002411i 4500 | ||
|---|---|---|---|
| 001 | rc\3701927 | ||
| 005 | 20240726042739.0 | ||
| 021 |
_aRU _b[73-13524а] |
||
| 035 | _a(NLR Aleph) 007763216 | ||
| 090 |
_a7389005 _c7389005 |
||
| 100 | _a20130115d1973 |||y0rusy50 ca | ||
| 101 | 0 | _arus | |
| 102 | _aRU | ||
| 105 | _ay d ||||| | ||
| 200 | 1 |
_aКоммунистическая партия Украины в борьбе за развитие химической промышленности _e(На материалах Львов. и Ивано-Франков. обл.) _eАвтореф. дис. на соиск. учен. степени канд. ист. наук _e(07.00.01) _fЛьвов. гос. ун-т им. Ив. Франко |
|
| 210 |
_aЛьвов _d1973 |
||
| 215 | _a28 с. | ||
| 320 | _aСписок работ авт.: с. 27-28 (8 назв.) | ||
| 700 | 1 |
_aКовалюк _bР.Т. _gРоман Теодорович |
|
| 801 | 0 |
_aRU _bNLR _gpsbo |
|
| 801 | 1 |
_aRU _bELAR _2rusmarc |
|
| 852 |
_aNLR _j73-4/31801 |
||
| 942 | _cBOOK | ||